000 01754nam a2200529 i 4500
001 42542
003 KOSZ 005
005 20220118143002.0
008 050331s2002 pl a f |000 0 pol
015 _aPB 2005/19045
020 _a8391389561
035 _a(PL-WaBN)b15407135-48omnis_nlop
035 _ab15407135
035 _a(OCoLC)749642613
035 _a(PL)b0000001540713
040 _aWA N
_cWA N
_dKOSZ 005/HR
041 1 _apol
_hrus
046 _k2002
080 _a621.56/.59
080 _a621.362/.363
080 _a(075.8)
100 1 _aFilin, Serhij
_eAutor
245 1 0 _aTermoelektryczne urządzenia chłodnicze /
_cSergiy Filin ; [tł. B. i W. Targańscy].
260 _aGdańsk :
_bIPPU MASTA,
_c2002.
300 _a215 s. :
_bfot., rys., wykr. ;
_c25 cm.
336 _2rdacontent
_aTekst
_btxt
337 _2rdamedia
_aBez urządzenia pośredniczącego
_bn
338 _2rdacarrrier
_aWolumin
_bnc
380 _aKsiążki
380 _aPublikacje fachowe
388 _a2001-
490 1 _aM TCHK ;
_v5
504 _aBibliogr. s. 209-215.
650 7 _aChłodnictwo
_2DBN
650 7 _aTermoelektryczność
_2DBN
650 7 _aUrządzenia chłodnicze
650 7 _aElektrotechnika
655 7 _aPodręczniki akademickie
_2DBN
658 _aInżynieria i technika
700 1 _aTargański, Waldemar
_eTłumaczenie
700 1 _aTargańska, Beata
_eTłumaczenie
710 2 _aInżynierskie Przedsiębiorstwo Produkcyjno-Usługowe Masta
_4pbl
830 0 _aMonografie TCHK
_v5
856 _uhttp://koha.tu.koszalin.pl/cgi-bin/koha/opac-detail.pl?biblionumber=42542
_yKatalog online BPK
942 _2UKD
_cKS
999 _c42542
_d42542